ბათუმის შოთა რუსთაველის სახელმწიფო უნივერსიტეტის ბიბლიოთეკა

რჩეული ნაწერები : 2 ტომად. ტ. 1 (ბიბ.ჩანაწერი № 48723)

000 -LEADER
fixed length control field 00943nam a2200205Ia 4500
001 - CONTROL NUMBER
control field 15623
003 - CONTROL NUMBER IDENTIFIER
control field GE_BSU
008 - FIXED-LENGTH DATA ELEMENTS--GENERAL INFORMATION
fixed length control field 181216s||||||||xx |||||||||||||| ||und||
040 ## - CATALOGING SOURCE
Transcribing agency GE_BSU
080 ## - UNIVERSAL DECIMAL CLASSIFICATION NUMBER
Universal Decimal Classification number 821.161.1
100 ## - MAIN ENTRY--PERSONAL NAME
Personal name გოგოლი, ნ.ვ.
245 ## - TITLE STATEMENT
Title რჩეული ნაწერები : 2 ტომად. ტ. 1
245 ## - TITLE STATEMENT
Statement of responsibility, etc. რედ. გ. ქიქოძე. კ. ჭიჭინაძე. ს. კლდიაშვილი. ნ. ანანიაშვილი. მხ. ი. გროგოლია
260 ## - PUBLICATION, DISTRIBUTION, ETC.
Place of publication, distribution, etc. თბილისი
260 ## - PUBLICATION, DISTRIBUTION, ETC.
Name of publisher, distributor, etc. სახელგამი
260 ## - PUBLICATION, DISTRIBUTION, ETC.
Date of publication, distribution, etc. 1955
300 ## - PHYSICAL DESCRIPTION
Extent 519 გვ.20სმ.1 ფ. პორტრ
653 ## - INDEX TERM--UNCONTROLLED
Uncontrolled term საღამოები დიკანკის მახლობელ ხუტორში; მირგოროდი; პეტერბურგის მოთხრობები; რევიზორი
942 ## - ADDED ENTRY ELEMENTS (KOHA)
Koha item type წიგნი
ეგზემპლარები
Withdrawn status Lost status Damaged status Not for loan Date acquired Barcode Date last seen Price effective from Koha item type
        2018-12-17 21163 2018-12-17 2018-12-17 წიგნი
        2018-12-17 21175 2018-12-17 2018-12-17 წიგნი